Reglamento del Ateneo Obrero de Badalona
Descripción Física:
13 p. ; 21 cm
Materias:
Ateneo Obrero de Badalona -- Estatuts
MARC
| LEADER | 00000nam a2200000Ia 4500 | ||
|---|---|---|---|
| 001 | 22560 | ||
| 008 | 160829s1902 xx 000 0 cat d | ||
| 080 | |a RF-15-100 | ||
| 110 | 2 | |a Ateneo Obrero de Badalona |9 56304 | |
| 245 | |a Reglamento del Ateneo Obrero de Badalona | ||
| 260 | |a Barcelona : |b Imprenta Benages, |c 1902 | ||
| 300 | |a 13 p. ; |c 21 cm | ||
| 590 | |a Prové de 4173, exp. 177 | ||
| 610 | 2 | 0 | |a Ateneo Obrero de Badalona |v Estatuts |9 56306 |
| 856 | 4 | |u https://media.diba.cat/diba/fitxers/arxiu/fulletons/bib_22560_1902_baixa.pdf |y Accés lliure | |
| 856 | 4 | |u https://media.diba.cat/diba/fitxers/arxiu/fulletons/bib_22560_1902_baixa.pdf |y Accés lliure | |
| 901 | |a Arxiu | ||
| 942 | |n 1 | ||
| 952 | |0 0 |1 0 |4 0 |6 RF15100 |7 1 |9 53994 |a Arxiu |b Arxiu |d 2016-12-01 |l 0 |o RF-15-100 |p 22560 |r 2016-12-01 00:00:00 |w 2016-12-01 |y ARXIU | ||
| 999 | |c 57862 |d 57862 | ||